000
00279nam a22001217a 4500
020
_a
07-034689-5
082
_a
621.56 KIN'M
100
_a
KING, GUY. R
_9
41851
245
_a
MODERN REFRIGERATION PRACTICE
260
_a
NEWYORK
_b
MCGRAW HILL
_c
1971
300
_a
443P
942
_c
BK
999
_c
583802
_d
583802